K zákonu o obecnej polícii.

Právne základy obecnej polície. Podmienky stať sa pracovníkom obecnej polície. Povinnosti a oprávnenia pracovníka obecnej polície. Riadenie obecnej polície náčelníkom. Donucovacie prostriedky. Podmienky nosenia a použitia zbrane pracovníkom obecnej polície. Odborná spôsobilosť, výcvik a školenie pra...

Descrizione completa

Salvato in:
Dettagli Bibliografici
Natura: Capitolo di libro
Lingua:slovacco
Soggetti:
Tags: Aggiungi Tag
Nessun Tag, puoi essere il primo ad aggiungerne!!

MARC

LEADER 00000naa a2200000 4500
001 r011145
005 20220831085537.5
041 0 |a slo 
044 |a [CS] 
245 1 0 |a K zákonu o obecnej polícii. 
520 |a Právne základy obecnej polície. Podmienky stať sa pracovníkom obecnej polície. Povinnosti a oprávnenia pracovníka obecnej polície. Riadenie obecnej polície náčelníkom. Donucovacie prostriedky. Podmienky nosenia a použitia zbrane pracovníkom obecnej polície. Odborná spôsobilosť, výcvik a školenie pracovníkov obecnej polície. 
610 2 0 |a zákony 
610 2 0 |a polícia 
610 2 0 |a Slovensko 
610 2 0 |a 1991 
610 2 0 |a obce